Эффективность работы котельных агрегатов малой и средней мощности в Забайкальском крае; Энергетика: эффективность, надёжность, безопасность

Podrobná bibliografie
Parent link:Энергетика: эффективность, надёжность, безопасность.— 2011.— [С. 96-99]
Hlavní autor: Басс М. С.
Další autoři: Требунских С. А.
Shrnutí:Заглавие с титульного листа
Электронная версия печатной публикации
Jazyk:ruština
Vydáno: 2011
Témata:
On-line přístup:http://www.lib.tpu.ru/fulltext/v/Conferences/2011/K06/116036.pdf
Médium: Elektronický zdroj Kapitola
KOHA link:https://koha.lib.tpu.ru/cgi-bin/koha/opac-detail.pl?biblionumber=223103

MARC

LEADER 00000naa2a2200000 4500
001 223103
005 20260220162716.0
035 |a (RuTPU)RU\TPU\book\243336 
035 |a RU\TPU\book\243332 
090 |a 223103 
100 |a 20121004d2011 k y0rusy50 ca 
101 0 |a rus 
102 |a RU 
135 |a drnn ---uucaa 
181 0 |a i  
182 0 |a b 
200 1 |a Эффективность работы котельных агрегатов малой и средней мощности в Забайкальском крае  |f М. С. Басс, С. А. Требунских 
203 |a Текст  |c электронный 
215 |a 1 файл (277 Кб) 
300 |a Заглавие с титульного листа 
300 |a Электронная версия печатной публикации 
337 |a Adobe Reader 
463 1 |0 (RuTPU)RU\TPU\book\241205  |t Энергетика: эффективность, надёжность, безопасность  |o материалы XVII Всероссийской научно-технической конференции, Томск, 7-9 декабря 2011 г.  |f Национальный исследовательский Томский политехнический университет (ТПУ)  |v [С. 96-99]  |d 2011 
610 1 |a котельные агрегаты 
610 1 |a технико-экономические показатели 
610 1 |a эффективность 
610 1 |a котлоагрегаты 
610 1 |a котлоагрегаты средней мощности 
610 1 |a котлоагрегаты малой мощности 
610 1 |a электронный ресурс 
700 1 |a Басс  |b М. С. 
701 1 |a Требунских  |b С. А. 
801 1 |a RU  |b 63413507  |c 20120926 
801 2 |a RU  |b 63413507  |c 20130128  |g RCR 
856 4 |u http://www.lib.tpu.ru/fulltext/v/Conferences/2011/K06/116036.pdf 
942 |c CF